<?xml version="1.0" encoding="UTF-8"?><marc:collection xmlns:marc="http://www.loc.gov/MARC21/slim">
  <marc:record>
    <marc:leader>00000nam  2200000za 4500</marc:leader>
    <marc:controlfield tag="001">9.805585</marc:controlfield>
    <marc:controlfield tag="003">CaOODSP</marc:controlfield>
    <marc:controlfield tag="005">20221107135702</marc:controlfield>
    <marc:controlfield tag="007">cr |||||||||||</marc:controlfield>
    <marc:controlfield tag="008">160413s2015    onc     ob   f000 0 eng d</marc:controlfield>
    <marc:datafield tag="020" ind1=" " ind2=" ">
      <marc:subfield code="a">978-0-660-03776-9</marc:subfield>
    </marc:datafield>
    <marc:datafield tag="040" ind1=" " ind2=" ">
      <marc:subfield code="a">CaOODSP</marc:subfield>
      <marc:subfield code="b">eng</marc:subfield>
    </marc:datafield>
    <marc:datafield tag="041" ind1=" " ind2=" ">
      <marc:subfield code="a">eng</marc:subfield>
      <marc:subfield code="b">fre</marc:subfield>
    </marc:datafield>
    <marc:datafield tag="043" ind1=" " ind2=" ">
      <marc:subfield code="a">n-cn---</marc:subfield>
    </marc:datafield>
    <marc:datafield tag="086" ind1="1" ind2=" ">
      <marc:subfield code="a">Fs97-13/1260E-PDF</marc:subfield>
    </marc:datafield>
    <marc:datafield tag="100" ind1="1" ind2=" ">
      <marc:subfield code="a">Rosenberg, Bruno,</marc:subfield>
      <marc:subfield code="d">1959-</marc:subfield>
    </marc:datafield>
    <marc:datafield tag="245" ind1="1" ind2="0">
      <marc:subfield code="a">Freshwater Institute (DFO Winnipeg) Stable Isotope Laboratory quality assurance/quality control and inter-lab comparison report </marc:subfield>
      <marc:subfield code="h">[electronic resource] / </marc:subfield>
      <marc:subfield code="c">by Bruno Rosenberg, Dana Neumann and Lisa Loseto.</marc:subfield>
    </marc:datafield>
    <marc:datafield tag="260" ind1=" " ind2=" ">
      <marc:subfield code="a">[Ottawa] : </marc:subfield>
      <marc:subfield code="b">Fisheries and Oceans Canada, </marc:subfield>
      <marc:subfield code="c">c2015.</marc:subfield>
    </marc:datafield>
    <marc:datafield tag="300" ind1=" " ind2=" ">
      <marc:subfield code="a">vi, 7 p. : </marc:subfield>
      <marc:subfield code="b">tables</marc:subfield>
    </marc:datafield>
    <marc:datafield tag="490" ind1="1" ind2=" ">
      <marc:subfield code="a">Canadian data report of fisheries and aquatic sciences, </marc:subfield>
      <marc:subfield code="x">1488-5395 ; </marc:subfield>
      <marc:subfield code="v">1260</marc:subfield>
    </marc:datafield>
    <marc:datafield tag="500" ind1=" " ind2=" ">
      <marc:subfield code="a">The catalogue number (Fs97-13/1260E) and ISBN (978-0-660-03775-2) for the print edition have been copied in this electronic publication.</marc:subfield>
    </marc:datafield>
    <marc:datafield tag="504" ind1=" " ind2=" ">
      <marc:subfield code="a">Includes bibliographical references (p. 3).</marc:subfield>
    </marc:datafield>
    <marc:datafield tag="520" ind1=" " ind2=" ">
      <marc:subfield code="a">The use of stable isotopes as a food web biotracers has become accepted and commonly used globally in marine, freshwater and terrestrial ecosystems. This report was written to provide researchers interested in working with Fisheries and Oceans-Freshwater Institute’s (FWI) stable isotope laboratory with quality control and quality assurance information. FWI’s stable isotope analysis system was evaluated relative to three well established stable isotope analysis laboratories (University of Waterloo’s Environmental Isotope Laboratory, University of Windsor’s Chemical Tracers Lab and University of Ottawa’s G.G Hatch Stable Isotope Laboratory). The internal precision and inter-laboratory reproducibility of δ13C and δ15N analysis was determined for a variety of fish, whale and invertebrate samples. Long term internal repeatability of an in-house fish standard is +/-0.08 ‰ for δ13C and +/-0.1 ‰ for δ15N. Overall, agreement between FWI and reference laboratories was acceptable (average δ13C +/-0.08 ‰, average δ15N +/-0.16) demonstrating that δ13C and δ15N data produced by FWI can be readily compared with data produced by established SIA laboratories.</marc:subfield>
    </marc:datafield>
    <marc:datafield tag="530" ind1=" " ind2=" ">
      <marc:subfield code="a">Issued also in printed form.</marc:subfield>
    </marc:datafield>
    <marc:datafield tag="692" ind1="0" ind2="7">
      <marc:subfield code="2">gccst</marc:subfield>
      <marc:subfield code="a">Fisheries management</marc:subfield>
    </marc:datafield>
    <marc:datafield tag="692" ind1="0" ind2="7">
      <marc:subfield code="2">gccst</marc:subfield>
      <marc:subfield code="a">Laboratories</marc:subfield>
    </marc:datafield>
    <marc:datafield tag="692" ind1="0" ind2="7">
      <marc:subfield code="2">gccst</marc:subfield>
      <marc:subfield code="a">Quality control</marc:subfield>
    </marc:datafield>
    <marc:datafield tag="700" ind1="1" ind2=" ">
      <marc:subfield code="a">Neumann, Dana.</marc:subfield>
    </marc:datafield>
    <marc:datafield tag="700" ind1="1" ind2=" ">
      <marc:subfield code="a">Loseto, L.</marc:subfield>
      <marc:subfield code="q">(Lisa),</marc:subfield>
      <marc:subfield code="d">1978-</marc:subfield>
    </marc:datafield>
    <marc:datafield tag="710" ind1="1" ind2=" ">
      <marc:subfield code="a">Canada. </marc:subfield>
      <marc:subfield code="b">Department of Fisheries and Oceans.</marc:subfield>
    </marc:datafield>
    <marc:datafield tag="776" ind1="0" ind2="#">
      <marc:subfield code="t">Freshwater Institute (DFO Winnipeg) Stable Isotope Laboratory QA/QC and Inter-lab comparison report </marc:subfield>
      <marc:subfield code="w">(CaOODSP)9.805584</marc:subfield>
    </marc:datafield>
    <marc:datafield tag="830" ind1="#" ind2="0">
      <marc:subfield code="a">Canadian data report of fisheries and aquatic sciences,</marc:subfield>
      <marc:subfield code="x">1488-5395 ; </marc:subfield>
      <marc:subfield code="v">1260</marc:subfield>
      <marc:subfield code="w">(CaOODSP)9.505124</marc:subfield>
    </marc:datafield>
    <marc:datafield tag="856" ind1="4" ind2="0">
      <marc:subfield code="q">PDF</marc:subfield>
      <marc:subfield code="s">275 KB</marc:subfield>
      <marc:subfield code="u">https://publications.gc.ca/collections/collection_2016/mpo-dfo/Fs97-13-1260-eng.pdf</marc:subfield>
    </marc:datafield>
  </marc:record>
</marc:collection>
